| 000 | 00346nam a2200145Ia 4500 | ||
|---|---|---|---|
| 008 | 150201s2012 xx 000 0 und d | ||
| 082 |
_a618.2 _bO12P |
||
| 100 | _aPURI, RANDHIR | ||
| 245 | _aOPERATIVE OBSTETRICS AND GYNAECOLOGY | ||
| 250 | _a1ST | ||
| 260 |
_bJAYPEE _aDELHI _c2012 |
||
| 300 | _a1-876 | ||
| 650 | _aOBS. & GYN | ||
| 942 |
_2ddc _cBK |
||
| 999 |
_c1698 _d1698 |
||